| 000 | 01049nam a2200277Ia 4500 | ||
|---|---|---|---|
| 003 | OSt | ||
| 005 | 20221005103708.0 | ||
| 006 | a|||||r|||| 00| 0 | ||
| 007 | ta | ||
| 008 | 221004b |||||||| |||| 00| 0 hin d | ||
| 020 |
_a9789383234554 (hbk) _cINR 240.00 |
||
| 024 | _a42565 | ||
| 037 |
_bIN-2307, 14/03/2019, Kitab Ghar Prakashan _cTextual |
||
| 040 |
_aCRL _cCRL _bhin |
||
| 041 |
_2hin _ahin |
||
| 082 | _aD65,8(B):71FB, 152Q6 | ||
| 100 |
_aएम. ए. समीर, ले. _9623690 |
||
| 245 | 0 | _aफेसबुक के जनक मार्क जुकरबर्ग | |
| 246 | _aFesabuk ke janak mārka jukarabarga | ||
| 260 |
_aदिल्ली _bअमरसत्य प्रकाशन भारत _c2016 |
||
| 300 |
_a136पृ0 _ccm. |
||
| 650 | _a प्रौद्योगिकि | ||
| 650 | _aकम्प्यूटर | ||
| 942 |
_hD65,8(B):71FB, 152Q6 _cTEXL _2cc |
||
| 999 |
_c1010654 _d1010654 |
||